|
|
|
|
| LEADER |
01664nam a22003855i 4500 |
| 001 |
32808 |
| 003 |
BD-DhAAL |
| 005 |
20211129101349.0 |
| 008 |
180311t2018 ohua b 001 0 eng d |
| 999 |
|
|
|c 39152
|d 39152
|
| 010 |
|
|
|a 2016945877
|
| 020 |
|
|
|a 9781337099745
|
| 020 |
|
|
|a 1337099740
|
| 020 |
|
|
|a 9781337269872
|
| 040 |
|
|
|a DLC
|b eng
|e rda
|c DLC
|d BD-DhAAL
|
| 042 |
|
|
|a pcc
|
| 082 |
|
|
|a 332
|2 22
|
| 100 |
|
|
|a Madura, Jeff.
|9 25080
|
| 245 |
0 |
0 |
|a Financial markets and institutions /
|c Jeff Madura
|
| 250 |
|
|
|a Twelve edition
|
| 260 |
|
|
|a Mason, OH :
|b Cengage Learning,
|c c2018
|
| 263 |
|
|
|a 1611
|
| 300 |
|
|
|a xxxiii, 766 pages :
|b color illustrations ;
|c 26 cm.
|
| 504 |
|
|
|a Includes bibliographical references and index.
|
| 526 |
|
|
|a AAL
|
| 541 |
|
|
|a Trim Education
|e 32808, 32809
|
| 650 |
|
|
|a Financial institutions.
|9 25081
|
| 650 |
|
|
|a Capital market.
|9 25082
|
| 650 |
|
|
|a Business & finance.
|9 43265
|
| 650 |
|
|
|a Money market.
|9 25083
|
| 852 |
|
|
|a Ayesha Abed Library
|c General Stacks
|
| 942 |
|
|
|2 ddc
|c BK
|
| 952 |
|
|
|0 0
|1 0
|2 ddc
|4 0
|6 332_000000000000000_MAD
|7 0
|9 62779
|a BRACUL
|b BRACUL
|c CIR
|d 2018-03-08
|e Trim Education
|g 15525.00
|l 5
|m 32
|o 332 MAD
|p 3010032808
|r 2020-01-20
|s 2020-01-20
|t 1
|v 15525.00
|w 2018-03-08
|y 1HOUR
|
| 952 |
|
|
|0 0
|1 0
|2 ddc
|4 0
|6 332_000000000000000_MAD
|7 0
|9 62780
|a BRACUL
|b BRACUL
|c GEN
|d 2018-03-08
|e Trim Education
|g 15525.00
|l 18
|m 142
|o 332 MAD
|p 3010032809
|q 2026-09-20
|r 2026-05-21
|s 2026-05-21
|t 2
|v 15525.00
|w 2018-03-08
|y BK
|
| 952 |
|
|
|0 0
|1 0
|2 ddc
|4 0
|6 332_000000000000000_MAD
|7 0
|9 66804
|a BRACUL
|b BRACUL
|c GEN
|d 2019-10-17
|e Karim International
|g 11500.00
|l 12
|m 160
|o 332 MAD
|p 3010036394
|r 2026-01-12
|s 2025-10-08
|t 3
|v 11500.00
|w 2019-10-17
|y BK
|